Linear algebra with applications (Record no. 4426)

000 -LEADER
fixed length control field 00431 a2200157 4500
020 ## - INTERNATIONAL STANDARD BOOK NUMBER
International Standard Book Number 0763714518
040 ## - CATALOGING SOURCE
Original cataloging agency DLC
Language of cataloging DLC
082 00 - DEWEY DECIMAL CLASSIFICATION NUMBER
Classification number 512.5
100 1# - MAIN ENTRY--PERSONAL NAME
Personal name Williams, Gareth,
245 10 - TITLE STATEMENT
Title Linear algebra with applications
Statement of responsibility, etc. Gareth Williams.
250 ## - EDITION STATEMENT
Edition statement 4th ed.
260 ## - PUBLICATION, DISTRIBUTION, ETC.
Place of publication, distribution, etc. Boston :
Name of publisher, distributor, etc. Jones and Bartlett Publishers,
Date of publication, distribution, etc. 2001.
300 ## - PHYSICAL DESCRIPTION
Extent xvii, 647 p. :
Other physical details ill. ;
Dimensions 24 cm.
650 #0 - SUBJECT ADDED ENTRY--TOPICAL TERM
Topical term or geographic name entry element Algebras, Linear.
942 ## - ADDED ENTRY ELEMENTS (KOHA)
Koha item type Book
Call number prefix 512.5 WIL
Source of classification or shelving scheme
Holdings
Withdrawn status Lost status Damaged status Not for loan Collection code Permanent Location Current Location Shelving location Date acquired Source of acquisition Cost, normal purchase price Total Checkouts Total Renewals Full call number Barcode Checked out Date last seen Date last checked out Price effective from Koha item type
          Central Library (CL) Central Library (CL) General Stacks 10/27/2003 Allied Book Company 338.18 8 3 512.5 WIL SEECS003915 04/07/2024 03/08/2024 03/08/2024 01/05/2017 Book
          Central Library (CL) Central Library (CL) General Stacks 11/20/2003 Pak Book Corporation 2104.36 8 7 512.5 WIL SEECS003943   02/26/2026 09/11/2025 01/05/2017 Book
© 2023 Central Library, National University of Sciences and Technology. All Rights Reserved.